000 00923nam0a22002651 4500
001 v19\rc\1883261
005 20250619170009.0
035 _a(NLR Aleph) 004972150
090 _a6096080
_c6096080
100 _a20080221d1910 |||y0rusy50 ca
101 0 _arus
102 _aRU
105 _ay z |||||
200 1 _aГомеопатия и аллопатия в деле лечения паралича
_fД-р А.Н. Рогачевский
205 _a2-е изд.
210 _aСанкт-Петербург
_cтип. Ред. период. изд. М-ва фин.
_d1910
215 _a15 с.
_d19
532 1 3 _aГомеопатия и аллопатия в деле лечения паралича
700 1 _aРогачевский
_bА.Н.
_gАнтон Никитич
801 0 _aRU
_bNLR
_gpsbo
801 1 _aRU
_bProSoft-M
_2rusmarc
852 _aNLR
_j34.48.8.520
942 _cBOOK
980 _aNB